000 00704nam a22002417a 4500
003 dpl
005 20180724141639.0
008 180626b xxu||||| |||| 00| 0 eng d
010 _aB-168603, B-168592, B-168592
020 _c0.00
035 _aB-168603,B-168595
037 _bBPPD/PUB
040 _c0
082 1 4 _a791.4502307
100 _aKenny, Robert F.
245 1 _aTeaching TV production in a digital world
_cby Robert F. Kenny
_bI
260 _aWestport
_bLibraries
_c2004
270 _a88Post Road Weat
_bWestport
300 _axi. 199 p. :
_c26 cm. (Hb)
500 _aIncludes Index
650 0 _aLove
942 _adpl
_cEN
_k791.4502307/KEN
_2ddc
_h791.4502307
_mKEN
999 _c153107
_d153107